• 首页
  • 本馆介绍
  • 公告通知
  • 最新文献
  • 馆藏检索
  • 电子资源
  • 读者导购
  • 参考咨询
  • 我的图书馆
  • 登录
  • 详细信息显示
  • 放入我的书架
  • 预约/预借图书
  • 作者相关作品
  • 分类相关作品
  • 丛书相关作品
  • 出版社相关作品

书目信息

  • 表格格式
  • 工作单格式
  • 卡片格式
题名:
中国民办教育发展报告
    
 
作者: 周海涛 , 钟秉林 主编
分册: 2015  
出版信息: 北京   北京师范大学出版社  2017
页数: 300页
开本: 26cm
丛书名:
单 册:
中图分类: G522.74
科图分类:
主题词: 社会办学--she hui ban xue--研究报告--中国--2015
电子资源:
ISBN: 978-7-303-21779-3
000 00936nam0 22002531 450
001 387784
005 20170502165541.0
010    @a978-7-303-21779-3@dCNY78.00
100    @a20170307d2017 em y0chiy50 ea
101 0  @achi
102    @aCN@b110000
105    @aak a 000yy
106    @ar
200 1  @a中国民办教育发展报告@9zhong guo min ban jiao yu fa zhan bao gao@h2015@f周海涛, 钟秉林主编
210    @a北京@c北京师范大学出版社@d2017
215    @a300页@c图@d26cm
320    @a有书目 (第294-298页)
330    @a本报告基于北京师范大学民办教育科研团队建立的全国民办教育发展数据库, 突出定量研究的规范化运用, 通过量化数据的可视化设计, 直观呈现了当前我国民办高校师生发展的热点与难点问题。
606 0  @a社会办学@9she hui ban xue@x研究报告@y中国@z2015
690    @aG522.74@v5
701  0 @a周海涛@9zhou hai tao@4主编
701  0 @a钟秉林@9zhong bing lin@4主编
801  0 @aCN@b百万庄@c20170308
905    @b1003960-5@dG522.74@e227@f6
    
    中国民办教育发展报告.2015/周海涛, 钟秉林主编.-北京:北京师范大学出版社,2017
    300页:图;26cm
    
    
    ISBN 978-7-303-21779-3:CNY78.00
    本报告基于北京师范大学民办教育科研团队建立的全国民办教育发展数据库, 突出定量研究的规范化运用, 通过量化数据的可视化设计, 直观呈现了当前我国民办高校师生发展的热点与难点问题。
●
相关链接 在E读中查询图书 在五车中查询图书 在当当中查询图书 在豆瓣中查询图书


正题名:中国民办教育发展报告     索取号:G522.74/227         预约/预借

序号 登录号 条形码 馆藏地/架位号 状态 备注
1 1003960   210039607   第一样本阅览室/ [索取号:G522.74/227] 在馆    
2 1003961   210039616   教育系资料室/ [索取号:G522.74/227] 在馆    
3 1003962   210039625   教育系资料室/ [索取号:G522.74/227] 在馆    
4 1003963   210039634   教育系资料室/ [索取号:G522.74/227] 在馆    
5 1003964   210039643   第四借阅区/ [索取号:G522.74/227] 在馆    
6 1003965   210039652   第四借阅区/ [索取号:G522.74/227] 在馆    
唐山师范学院图书馆 欢迎您!
大连网信软件有限公司© 版权所有